000 01074nam a2200241 a 4500
001 BRCA_8942
005 20190320210451.0
008 300617s1772----sp-#######---#000-0#spa-#
041 _aspa
044 _asp
084 _aLE35
_b.M37 1772
100 1 _aMarcoleta, Domingo de
_etr.
_922224
245 1 0 _aLos intereses de la Francia mal entendidos
_bdestierro de errores comunes en la Agricultura, Industria, Comercio, Población, y Navegación: plan de sistema económico, en que se descubren los vicios con que se manejan estos Ramos, y se proponen los medios para poderlos reparar: tomo segundo
_ctraducido del francés por D. Domingo de Marcoleta.
260 _aMadrid
_bEn la Oficina de Blas Román
_c1772
300 _a[6], 369 p. (t.2)
_c15 x 10.5 cm
500 _aCon licencia
500 _aEstado físico: presenta encuadernación en pergamino y lomo semi desprendido
651 4 _aFrancia
_xPolítica económica
_922225
651 4 _aFrancia
_xPolítica y gobierno
_922226
651 4 _aFrancia
_xCondiciones económicas
_922227
902 _aCFM
942 _2lcc
_cB
999 _c8593
_d8593